Nástupníctvo v rodinných firmách na Slovensku diplomová práca

Salvato in:
Dettagli Bibliografici
Autore principale: Olejárová, Sára
Ente Autore: Obchodná fakulta EU. Katedra služieb a cestovného ruchu - zrušené
Altri autori: Naďová Krošláková, Monika, 1975-
Natura: Libro
Lingua:slovacco
Pubblicazione: Bratislava 2020
Tags: Aggiungi Tag
Nessun Tag, puoi essere il primo ad aggiungerne!!

MARC

LEADER 00000nbm a2200000 4500
001 0266321
005 20201007111203.4
041 0 |a slo 
044 |a SK 
245 1 0 |a Nástupníctvo v rodinných firmách na Slovensku  |b diplomová práca  |c Sára Olejárová ; školiteľ: Monika Naďová Krošláková 
264 1 |a Bratislava  |c 2020 
300 |a 74 s. 
100 1 |a Olejárová, Sára 
700 1 |a Naďová Krošláková, Monika, 1975- 
710 2 |a Obchodná fakulta EU. Katedra služieb a cestovného ruchu - zrušené